| 000 | 00547nam a2200205Ia 4500 | ||
|---|---|---|---|
| 005 | 20250306234519.0 | ||
| 008 | 240331s9999 xx 000 0 und d | ||
| 020 | _a9789799930569 | ||
| 082 |
_bDEC _a992 |
||
| 245 | 0 | _aDecentralization as a Narrative of Opportunity for Women in Indonesia | |
| 260 |
_aIndonesia _bWomen Research Institute _c2007 |
||
| 300 | _aViii, 221 p ., | ||
| 650 | _aWomen | ||
| 650 | _aSocial | ||
| 650 | _aGender | ||
| 650 | _aPolitical | ||
| 700 |
_aNoerdin,E _eedt |
||
| 700 |
_aAripurnami, S. _eedt |
||
| 942 | _cL | ||
| 999 |
_c5812 _d5812 |
||